Sanat - "Joulun henki" - Suvi Teräsniska - Statistics

Yleistilastot
  • Tätä visaa on pelattu 12 kertaa
    3 viimeisimmän päivityksen jälkeen
  • Keskiarvotulos 96 / 209
Vastaustilastot
Vastaus % Oikein
henki
100%
joulun
100%
alla
50%
arjen
50%
auta
50%
ei
50%
Ei
50%
esitteli
50%
et
50%
että
50%
heija
50%
Heijaa
50%
heijaa
50%
hento
50%
huokas
50%
istuu
50%
itselles
50%
itsensä
50%
ja
50%
jokin
50%
jos
50%
kannatteli
50%
katsoi
50%
kauan
50%
kellot
50%
kiire
50%
kolme
50%
kuin
50%
kukaan
50%
kun
50%
Kun
50%
kuule
50%
kylmää
50%
lisää
50%
loisti
50%
löydän
50%
luoda
50%
lupas
50%
lyhty
50%
Lyhty
50%
50%
mulle
50%
näin
50%
näitä
50%
ne
50%
niin
50%
olen
50%
ottaa
50%
päästä
50%
Pakkasyössä
50%
polulleni
50%
pöytään
50%
Pyydän
50%
pyydän
50%
pyysi
50%
pyytää
50%
rakkauden
50%
raskaan
50%
rauhan
50%
saa
50%
saan
50%
saat
50%
samaan
50%
silmiin
50%
soittaa
50%
sydämees
50%
sydämellein
50%
sydämen
50%
syvään
50%
taakan
50%
tai
50%
taikavoima
50%
täyttää
50%
toiveitasi
50%
toivomustain
50%
tunteen
50%
tunteja
50%
tuoda
50%
vaikka
50%
vallan
50%
vielä
50%
viisautta
50%
virkkoi
50%
voi
50%
voit
50%
voittaa
50%
yötä
50%
hidastaa
0%
hiiri
0%
huomaa
0%
itseäs
0%
juoksisit
0%
kiinni
0%
löytää
0%
oo
0%
rakastat
0%
rakkaus
0%
renki
0%
sielus
0%
silloin
0%
sua
0%
sydämeen
0%
sydämeesi
0%
sydämesi
0%
tielles
0%
tuulispää
0%
viisaus
0%
Ehtoja vastaavia visoja ei löytynyt
Tulosjakauma
Jokaisen tuloksen saaneiden osuus
Persentiili vastausten määrän mukaan
Tuloshistoriasi
Et ole pelannut tätä visaa sen viimeisimmän päivityksen jälkeen